000 00989nam a2200277 a 4500
001 BRCA_8540
005 20190320210327.0
008 110816s1565----gw-a######---#000-0#ger-#
041 _ager
044 _agw
050 4 _aK5015.4
_b.M53
_c1565
100 1 _aVon Caristat, Michaelem Seuther
_921412
245 1 0 _aPraxis rervm criminalium
_cMichaelem Seuther Von Caristat.
260 _aFrankfurt
_bDurch johannem bolffium
_c1565
300 _a1 vol. (en varias paginaciones)
_bil.
_c20 cm
500 _aFondo antiguo
500 _aSe encuentra en Caja Fuerte
500 _aU-71
500 _aIncluye índice
500 _aCon Ex-libris de: Franz Mayer
500 _aNota de encuadernación: Holandesa, con el canto superior dorado, se conserva en caja de plástico
506 0 _aFondo reservado: para su consulta es necesario credencial de usuario y carta de motivos
650 1 4 _aDerecho penal
_vTrabajos anteriores a 1800
_ySiglo XVI
_921413
902 _aLAR
942 _2lcc
_cB
999 _c8204
_d8204